=LDR 00000nam 2200000 4500 =001 INLIS000000000039968 =005 20130612145549 =008 ***********************************Ind** =035 ##$$0010-061300000039968 =041 ##$$a Ind =082 ##$$a 813 =090 ##$$a 813, Chi k =100 ##$$a Cririsma W Vanny =245 ##$$a Kisah keluarga tikus (kisah-kisah inspirasional pengubah hidup), Vanny Chrisma W =260 ##$$a 2010 $b Jogyakarta =300 ##$$a 273 hlm, 21 cm =650 ##$$a Fiksi Indonesia =850 ##$$a NBPNMAT